000 00657nab a2200157 4500
003 ES-SlBCS
005 20211230145219.0
008 151218s2015 sp ||||| |||| 00| 0 spa d
040 _aES-SlBCS
_bspa
100 1 _aSellés, Juan Fernando
_985626
245 1 0 _aRevisión del modelo categorial sustancia-accidentes en la antropología de Millán-Puelles
_cJuan Fernando Sellés
246 1 1 _aReview of the substance-accidents Categorial Model in the Millán-Puelles's Anthropology
600 1 4 _aMillán Puelles, Antonio
_d, 1921-2005
_xCrítica e interpretación
_9124174
773 0 _gNº 66, 2015, págs. 7-26
_tDaímon
_wRev1146
_x1130-0507
942 _2lcc
_cAR
999 _c855215
_d855215